000 02132nam a22003617i 4500
001 768714001
003 CO-MdFUSB
005 20250731142025.0
007 cd au aaaaa
008 200124s2019 ck ||||s|||| 00| 0 spa d
040 _aCO-MdFUSB
_bEspañol
_cCO-MdFUSB
_dCO-MdFUSB
041 _aspa
084 _aT CD0103
100 _aAmorocho Gómez, Johana Marcela.
_eautor
245 _a¿Cómo influye la secularización en la percepción y en el ejercicio de la sexualidad en el cristiano?
_c/ Johana Marcela Amorocho Gómez ; asesorado por Fernando Abilio Mosquera Brand
_h[electrónico]
264 2 _aMedellín, Colombia :
_bFUSBC,
_c2019
336 _2rdacontent
_aprograma de ordenador
_bcop
337 _2rdamedia
_ainformático
_bc
338 _2rdacarrier
_adisco compacto
_bcd
502 _aTrabajo de grado
_b(Teología) --
_cFundación Universitaria Seminario Bíblico de Colombia,
_d2019
504 _aBibliografía (64-66)
505 _aUna mirada sucinta al secularismo. -- La sexualidad desde la perspectiva cristiana. -- Efectos del secularismo en el círculo cristiano respecto a la sexualidad.
506 _aPréstamo en sala
520 _aLa percepción y ejercicio de la sexualidad en los cristianos parte de una correcta información o una desinformación sobre el tema. Muchos cristianos hoy día se ven influenciados por la propuesta que la sociedad impone con respecto al ejercicio de la sexualidad. Vivimos en un mundo moderno y secularizado, donde los pensamientos de los diferentes filósofos, las posturas de los diferentes humanistas y los planteamientos de los diferentes “teólogos” pernean el pensamiento no solo de la sociedad, sino también la percepción que tiene el cristiano con respecto al ejercicio de la sexualidad.
535 _aRecurso en línea REPCI
590 _aPréstamo en sala
650 0 _9476
_aSexo
_xCristianismo
651 _2Secularización
700 _aMosquera Brand, Fernando Abilio,
_9850
_easesor
856 _aREPCI
_dwww.repci.co
_iSigue el link aquí
_uhttps://repositorio.repci.co/handle/123456789/741
942 _cTG
999 _c65342
_d65342